000 00388nam a2200169Ia 4500
008 221030s9999 xx 000 0 und d
020 _a8125911685
041 _aEnglish
082 _a105.23
_bMac
100 _aH. R. Machiraju
245 0 _aIndian Financial System
250 _a2nd
260 _bVikas Pub House
_aDelhi
_c2002
300 _a19.18
650 _aManagement
942 _cBK
999 _c965
_d965